Vysokoškolská mládež a jej sebareflexia ako aktéra vzdelávacieho procesu, aktéra individualizovaného proaktívneho života a spotrebného štýlu

Zistenia a poznatky z výskumu, ktoré poukazujú na takzvané staré hodnoty a istoty a ich pôsobenie na vysokoškolskú mládež. Metodika výskumu a výskumná vzorka. Odporúčania a výsledky výskumu.

Salvato in:
Dettagli Bibliografici
Autore principale: Plávková, Oľga
Altri autori: Čukan, Karol
Natura: Capitolo di libro
Lingua:slovacco
Soggetti:
Tags: Aggiungi Tag
Nessun Tag, puoi essere il primo ad aggiungerne!!

MARC

LEADER 00000naa$a2200000$$$4500
001 0150982
005 20240502072716.7
041 0 |a slo 
044 |a SK 
245 1 0 |a Vysokoškolská mládež a jej sebareflexia ako aktéra vzdelávacieho procesu, aktéra individualizovaného proaktívneho života a spotrebného štýlu  |c Oľga Plávková, Karol Čukan 
520 |a Zistenia a poznatky z výskumu, ktoré poukazujú na takzvané staré hodnoty a istoty a ich pôsobenie na vysokoškolskú mládež. Metodika výskumu a výskumná vzorka. Odporúčania a výsledky výskumu. 
610 2 0 |a vysokoškoláci 
610 2 0 |a mládež 
610 2 0 |a vzťahy spoločenské 
610 2 0 |a výskum sociologický 
610 2 0 |a metódy sociologické 
610 2 0 |a sociometria 
100 1 |a Plávková, Oľga 
700 1 |a Čukan, Karol